000 00475nam a2200121Ia 4500
008 171212s9999 xx 000 0 und d
020 _a9780833081391
100 _aZmud, Johanna;Ecola, Liisa;Phleps, Peter;Feige, Irene
245 _cZmud, Johanna;Ecola, Liisa;Phleps, Peter;Feige, Irene
_aThe Future of Mobility
_bScenarios for the United States in 2030
260 _bRAND Corporation
_c2013
650 _aTechnology
856 _uhttp://www.jstor.org/stable/10.7249/j.ctt5hhw3n
999 _c352663
_d352663